000 01535aam a2200613 4500
005 20260506163804.0
008 150408b2012 xxu||||| |||| 00| 0 spa d
020 _a9788499641324
041 _aESP
082 _a651.3 M891ma
100 _aRaúl Morueco Gómez
245 _aManual práctico de gestión y secretariado
260 _aEspaña
260 _bRA-MA
260 _c2012
300 _a348 páginas
490 _aSecretariado Ejecutivo
650 _aMANEJO DE LA OFICINA
650 _aSECRETARIADO EJECUTIVO
650 _aPROFESIONAL DEL SECRETARIADO
650 _aADMINISTRACIÓN DE EMPRESAS
650 _aECONOMÍA
650 _aFUNCIONES DE LA SECRETARIA
650 _aORGANIZACIÓN DEL TRABAJO
650 _aACTA
650 _aCIRCULAR
650 _aCOMUNICACIÓN
650 _aMEMORANDO
650 _aINFORMES
650 _aCARTAS
650 _aDOCUMENTOS OFICIALES
650 _aCERTIFICADOS
650 _aARCHIVO
650 _aDOCUMENTOS MERCANTILES
650 _aFACTURAS
650 _aRECIBO
650 _aCHEQUE
650 _aEVENTOS ESPECIALES
650 _aCONFERENCIA
650 _aCOLOQUIO
650 _aCONGRESO
650 _aSIMPOSIO
650 _aSEMINARIOS
650 _aEVENTOS CORPORATIVOS
650 _aATENCIÓN DE CLIENTES
650 _aGESTIÓN DE QUEJAS
650 _aMEDIOS ELECTRÓNICOS
650 _aFAX
650 _aREDES
650 _aWI-FI
650 _aCORREO ELECTRÓNICO
650 _aNETIQUETA
942 _cBK
_2ddc
999 _c9219
_d9219